[Event "RUS IPCA-ch"]
[Site "Adler"]
[Date "2009.10.10"]
[Round "?"]
[White "Zajas, Evgeny"]
[Black "Melnik, Galina Ivanovna"]
[Result "1-0"]
[WhiteElo "2304"]
[BlackElo "2016"]
[PlyCount "69"]
[EventDate "2009.10.07"]
[EventType "swiss"]
[EventRounds "9"]
[EventCountry "RUS"]
[SourceTitle "EXT 2023"]
[Source "ChessBase"]
[SourceDate "2022.10.05"]
[SourceVersion "1"]
[SourceVersionDate "2022.10.05"]
[SourceQuality "1"]

1. d4 d5 2. Nf3 Nf6 3. c4 e6 4. g3 dxc4 5. Qa4+ Bd7 6. Qxc4 Bc6 7. Bg2 Nbd7 8. Nc3 Be7 9. 0-0 0-0 10. Rd1 Nb6 11. Qd3 Na4 12. Bg5 Nxc3 13. bxc3 b6 14. Bxf6 Bxf6 15. Ng5 Bxg5 16. Bxc6 Rb8 17. f4 Be7 18. e4 Qd6 19. Qc4 Qa3 20. e5 a6 21. Be4 g6 22. g4 b5 23. Qb3 a5 24. f5 a4 25. Qc2 gxf5 26. gxf5 Kh8 27. f6 Rg8+ 28. Kh1 Bf8 29. Bxh7 Rg5 30. Rg1 Bh6 31. Rxg5 Bxg5 32. Rg1 Bh6 33. Bd3 Be3 34. Qe2 Bh6 35. Qe4 1-0